| 000 | 01392nam2a22002771 4500 | ||
|---|---|---|---|
| 001 | v19\rc\1809287 | ||
| 005 | 20250619125531.0 | ||
| 035 | _a(NLR Aleph) 004909555 | ||
| 090 |
_a5462497 _c5462497 |
||
| 100 | _a20071224d1907 |||y0rusy50 ca | ||
| 101 | 0 | _arus | |
| 102 | _aRU | ||
| 105 | _ay z ||||| | ||
| 200 | 0 |
_a1907 _e[№ 9179-14419] |
|
| 210 |
_d1907 _aБ. м. |
||
| 215 | _a[4], 280, 75 с. | ||
| 327 | 0 | _aВ кн. также: Алфавитный указатель к инвентарю... 1906-1907: (№ 56521-144192) | |
| 461 | 0 |
_1001v19\rc\1809284 _12001#$aИнвентарь Библиотеки Петроградского политехнического института...$v1907 _95462466 _aСанкт-Петербургский политехнический институт. Библиотека _cПетроград _d1906-1916 _tИнвентарь Библиотеки Петроградского политехнического института... _v1907 |
|
| 464 | 0 |
_12001#$aАлфавитный указатель к инвентарю... 1906-1907: (№ 56521-144192) _tАлфавитный указатель к инвентарю... 1906-1907: (№ 56521-144192) |
|
| 801 | 0 |
_aRU _bNLR _gpsbo |
|
| 801 | 0 |
_aRU _bRuMoRGB _2psbo |
|
| 801 | 1 |
_aRU _bProSoft-M _2rusmarc |
|
| 852 |
_aNLR _bБ _j6140-3/И583 |
||
| 899 |
_aRuMoRGB _jR 39/45 |
||
| 942 | _cBOOK | ||
| 980 | _aNB | ||